00841nam a22002177a 4500999001700000003000900017008004100026040007100067082001800138100001800156245004300174260003700217300002800254505011900282650002900401650002100430700003700451942001600488945002000504952009900524 c19169d19169AR-CdUCM190516b ||||| |||| 00| 0 spa d aMUNICIPALIDAD PROVINCIAL DEL CUSCOcBIBLIOTECA MUNICIPAL DEL CUSCO a838.96 /bZ98 aZweig, Stefan aLas dos hermanas y otras narraciones / aBuenos Aires :bAnaconda,c1950. a158 páginas ;c23 cm. aContenidos: Las dos hermanas -- Raquel disputa don Dios -- La leyenda de la tercera paloma -- La destrucción ... aLiteratura argentina984 aNarraciones9930 aCahn, Alfredo (traductor)940357 2ddccLIBROS aacvd2019-05-16 002ddc4070aSHbSHcCARTd2019-05-16g30.00o838.96 / Z98DpSH0000014210r2019-05-16yLIBROS